Eastern Utah Libraries Catalog: Duchesne, Heber, Roosevelt, & Vernal

The Haunted mansion (Record no. 12777)

MARC details
000 -LEADER
fixed length control field 03958cgm a2200745 a 4500
003 - CONTROL NUMBER IDENTIFIER
control field OCoLC
005 - DATE AND TIME OF LATEST TRANSACTION
control field 20241220110044.0
007 - PHYSICAL DESCRIPTION FIXED FIELD--GENERAL INFORMATION
fixed length control field vd cvaizq
008 - FIXED-LENGTH DATA ELEMENTS--GENERAL INFORMATION
fixed length control field 040120p20042003cau088 g vleng d
001 - CONTROL NUMBER
control field 54056687
020 ## - INTERNATIONAL STANDARD BOOK NUMBER
International Standard Book Number 0788848402
024 10 - OTHER STANDARD IDENTIFIER
Standard number or code 786936226614
028 42 - PUBLISHER NUMBER
Publisher number 32094
028 42 - PUBLISHER NUMBER
Source Walt Disney Home Entertainment
035 ## - SYSTEM CONTROL NUMBER
System control number (Sirsi) i9780788848407
037 ## - SOURCE OF ACQUISITION
Source of stock number/acquisition Midwest Tapes
Note http://www.midwesttapes.com
040 ## - CATALOGING SOURCE
Original cataloging agency TEFMT
Transcribing agency TEFMT
Modifying agency TEF
-- JED
-- UUP
041 1# - LANGUAGE CODE
Language code of text/sound track or separate title eng
-- fre
-- spa
Language code of original and/or intermediate translations of text eng
Language code of accompanying material other than librettos eng
049 ## - LOCAL HOLDINGS (OCLC)
Holding library UUP4
099 ## - LOCAL FREE-TEXT CALL NUMBER (OCLC)
Classification number DVD
-- j
-- 791.43
-- H37315
082 ## - DEWEY DECIMAL CLASSIFICATION NUMBER
Classification number 791.437
092 ## - LOCALLY ASSIGNED DEWEY CALL NUMBER (OCLC)
Classification number 791.437
130 0# - MAIN ENTRY--UNIFORM TITLE
Uniform title Haunted mansion (Motion picture)
9 (RLIN) 69914
245 14 - TITLE STATEMENT
Title The Haunted mansion
Medium [DVD] /
Statement of responsibility, etc Walt Disney Pictures ; producers, Andrew Gunn, Don Hahn ; written by David Berenbaum ; directed by Rob Minkoff.
246 1# - VARYING FORM OF TITLE
Display text Title from container:
Title proper/short title Walt Disney Pictures presents The haunted mansion
250 ## - EDITION STATEMENT
Edition statement Widescreen (2.35:1) version.
260 ## - PUBLICATION, DISTRIBUTION, ETC. (IMPRINT)
Place of publication, distribution, etc [United States] :
Name of publisher, distributor, etc Walt Disney Home Entertainment ;
Place of publication, distribution, etc Burbank, CA :
Name of publisher, distributor, etc Distributed by Buena Vista Home Entertainment,
Date of publication, distribution, etc [2004], c2003.
300 ## - PHYSICAL DESCRIPTION
Extent 1 videodisc (ca. 88 min.) :
Other physical details sd., col. ;
Dimensions 4 3/4 in.
500 ## - GENERAL NOTE
General note Special features: deleted scenes; bloopers; 'Haunted mansion' attration virtual tour - exploring the mansion with ghost guides Emma & Ezra; Raven "Superstition" music video; "The making-of" 'The mansion' - behind-the-scenes look at making 'The haunted mansion'; anatomy of a scene - ghost in the graveyard; audio commentaries; DVD-ROM content: the history of 'The haunted mansion' attraction; morphing ghost host maker; photo gallery; desktop themes/wallpaper/screensavers; enhanced virtual mansion tour.
508 ## - CREATION/PRODUCTION CREDITS NOTE
Creation/production credits note Director of photography, Remi Adefarasin ; editor, Pricilla Nedd-Friendly ; music, Mark Mancina ; costume designer, Mona May ; production designer, John Myhre ; visual effects supervisor, Jay Redd.
511 1# - PARTICIPANT OR PERFORMER NOTE
Participant or performer note Eddie Murphy, Terence Stamp, Nathaniel Parker, Marsha Thomason, Jennifer Tilly, Wallace Shawn, Dina Waters, Marc John Jefferies, Aree Davis.
520 ## - SUMMARY, ETC.
Summary, etc Jim Evers is a real estate agent whose latest project is to find a buyer for a huge but dilapidated old house in New Orleans. However, when Evers and his family visits the property before their family vacation, he discovers it's already inhabited by 999 ghosts, none of whom are interested in sharing the space. As the spirits make their displeasure known, Evers and his family, with the help of an eccentric medium named Madame Leota, try to get the ghosts to leave.
521 8# - TARGET AUDIENCE NOTE
Target audience note MPAA rating: PG; for frightening images, thematic elements and language.
538 ## - SYSTEM DETAILS NOTE
System details note DVD, Region 1; Dolby Digital 5.1 surround, THX-certified.
546 ## - LANGUAGE NOTE
Language note Includes French and Spanish dubbed versions and subtitles in Spanish. Closed-captioned.
650 #0 - SUBJECT ADDED ENTRY--TOPICAL TERM
Topical term or geographic name as entry element Haunted houses
Form subdivision Drama.
9 (RLIN) 5718404
650 #0 - SUBJECT ADDED ENTRY--TOPICAL TERM
Topical term or geographic name as entry element Ghosts
Form subdivision Drama.
9 (RLIN) 6354567
650 #0 - SUBJECT ADDED ENTRY--TOPICAL TERM
Topical term or geographic name as entry element Real estate agents
Form subdivision Drama.
9 (RLIN) 6459127
655 #0 - INDEX TERM--GENRE/FORM
Genre/form data or focus term Feature films.
9 (RLIN) 6107573
655 #7 - INDEX TERM--GENRE/FORM
Genre/form data or focus term Closed captioned.
Source of term local
9 (RLIN) 6107574
700 1# - ADDED ENTRY--PERSONAL NAME
Personal name Gunn, Andrew,
Dates associated with a name 1969-
9 (RLIN) 70699
700 1# - ADDED ENTRY--PERSONAL NAME
Personal name Hahn, Don.
9 (RLIN) 43538
700 1# - ADDED ENTRY--PERSONAL NAME
Personal name Berenbaum, David.
9 (RLIN) 53141
700 1# - ADDED ENTRY--PERSONAL NAME
Personal name Minkoff, Rob.
9 (RLIN) 42411
700 1# - ADDED ENTRY--PERSONAL NAME
Personal name Murphy, Eddie,
Dates associated with a name 1961-
9 (RLIN) 21749
700 1# - ADDED ENTRY--PERSONAL NAME
Personal name Stamp, Terence.
9 (RLIN) 30995
700 1# - ADDED ENTRY--PERSONAL NAME
Personal name Parker, Nathaniel,
Dates associated with a name 1963-
9 (RLIN) 6107575
700 1# - ADDED ENTRY--PERSONAL NAME
Personal name Thomason, Marsha,
Dates associated with a name 1976-
9 (RLIN) 71525
700 1# - ADDED ENTRY--PERSONAL NAME
Personal name Tilly, Jennifer,
Dates associated with a name 1958-
9 (RLIN) 63802
700 1# - ADDED ENTRY--PERSONAL NAME
Personal name Shawn, Wallace.
9 (RLIN) 13004
700 1# - ADDED ENTRY--PERSONAL NAME
Personal name Spybey, Dina,
Dates associated with a name 1966-
9 (RLIN) 71526
700 1# - ADDED ENTRY--PERSONAL NAME
Personal name Jefferies, Marc John.
9 (RLIN) 71527
700 1# - ADDED ENTRY--PERSONAL NAME
Personal name Davis, Aree.
9 (RLIN) 71528
700 1# - ADDED ENTRY--PERSONAL NAME
Personal name Adefarasin, Remi.
9 (RLIN) 67645
700 1# - ADDED ENTRY--PERSONAL NAME
Personal name Nedd-Friendly, Pricilla.
9 (RLIN) 6107576
700 1# - ADDED ENTRY--PERSONAL NAME
Personal name Mancina, Mark.
9 (RLIN) 63782
700 1# - ADDED ENTRY--PERSONAL NAME
Personal name May, Mona.
9 (RLIN) 46574
700 1# - ADDED ENTRY--PERSONAL NAME
Personal name Myhre, John.
9 (RLIN) 69992
710 2# - ADDED ENTRY--CORPORATE NAME
Corporate name or jurisdiction name as entry element Walt Disney Pictures.
9 (RLIN) 22141
752 ## - ADDED ENTRY--HIERARCHICAL PLACE NAME
Country or larger entity pa.
942 ## - ADDED ENTRY ELEMENTS (KOHA)
Koha item type DVD
994 ## -
-- E0
-- UUP
979 ## -
-- 313798
998 ## - LOCAL CONTROL INFORMATION (RLIN)
-- a24739
Holdings
Withdrawn status Lost status Source of classification or shelving scheme Damaged status Not for loan Collection code Home library Current library Shelving location Date acquired Source of acquisition Total Checkouts Total Renewals Full call number Barcode Date last seen Date checked out Cost, replacement price Price effective from Koha item type
    Dewey Decimal Classification     Movies Wasatch County Library Wasatch County Library Audio Visual Area 10/18/2022 Donation 4 4 DVD Haunted 34301001877291 11/06/2025 10/29/2025 20.00 10/18/2022 DVD
This project was made possible through a grant from the Institute of Museum and Library Service administered by the Utah State Library Division.

Wasatch County Library

  • 465 East 1200 South, Heber City, Utah 84032
  • Phone 435-654-1511 | Fax 435-654-6456

Hours

  • Monday - Friday 9:30 AM - 8:00 PM
  • Saturday 9:30 AM - 1:30 PM
  • Closed Sundays and Holidays